000 00694nam a2200301Ia 4500
005 20260401122233.0
008 008 250103s9999 xx 000 0 eng d
020 _a393965945
037 _aTB
040 _aEDL
040 _beng
040 _cEDL
041 _2eng
041 _aeng
084 _a823.5 FIE
084 _qEDL
100 _aFielding, Henry
_91232619
245 0 _aTom Jones: Authoritative Text Contemporary Reactions Criticism
245 0 _cFielding, Henry
260 _aNew York
260 _bW.W.Norton & Company
260 _c1995
300 _a804p
942 _cTB
942 _h823.5 FIE
999 _c1845874
_d1845874